[Event "GER-chT North U14"]
[Site "Magdeburg"]
[Date "2012.09.08"]
[Round "6.4"]
[White "Schulte, Felix"]
[Black "Nelk, Gabor"]
[Result "1/2-1/2"]
[WhiteElo "1623"]
[BlackElo "1375"]
[PlyCount "101"]
[EventDate "2012.09.06"]
[EventType "team-swiss"]
[EventRounds "7"]
[EventCountry "GER"]
[SourceTitle "EXT 2015"]
[Source "ChessBase"]
[SourceDate "2014.11.20"]
[SourceVersion "1"]
[SourceVersionDate "2014.11.20"]
[SourceQuality "1"]
[WhiteTeam "Halle USV"]
[BlackTeam "Berlin Empor"]
[WhiteTeamCountry "GER"]
[BlackTeamCountry "GER"]

1. e4 e5 2. Nf3 Nc6 3. Bc4 Bc5 4. c3 Nf6 5. d3 0-0 6. 0-0 d6 7. Nbd2 Bg4 8. h3 Bh5 9. Re1 Re8 10. Nf1 d5 11. exd5 Nxd5 12. Ng3 Bg6 13. Bg5 f6 14. Be3 Bb6 15. Nh4 Bf7 16. Nhf5 Nce7 17. Qg4 Bg6 18. h4 Bxf5 19. Nxf5 Nxf5 20. Qxf5 Kh8 21. Qf3 c6 22. Bxb6 Nxb6 23. Bb3 Qc7 24. Re4 Rad8 25. Rae1 c5 26. h5 Qd6 27. Bc2 Nd5 28. Rg4 Nf4 29. Qxb7 Re7 30. Qe4 Nxh5 31. Rh4 g6 32. d4 Qd5 33. dxc5 Qxa2 34. Qb4 Qd5 35. Rd1 Qa8 36. Rxd8+ Qxd8 37. Re4 Nf4 38. Re1 Qa8 39. Qe4 Qxe4 40. Bxe4 Rc7 41. b4 Kg7 42. c4 Ne6 43. c6 Nd4 44. b5 Kf8 45. Kf1 Ke7 46. Rc1 Kd6 47. c5+ Ke7 48. b6 axb6 49. cxb6 Rc8 50. b7 Rf8 51. c7 1/2-1/2

[Event "GER-chT North U14"]
[Site "Magdeburg"]
[Date "2012.09.06"]
[Round "2.4"]
[White "Nelk, Gabor"]
[Black "Derevyanko, Kostyantyn"]
[Result "1-0"]
[WhiteElo "1375"]
[BlackElo "914"]
[PlyCount "119"]
[EventDate "2012.09.06"]
[EventType "team-swiss"]
[EventRounds "7"]
[EventCountry "GER"]
[SourceTitle "EXT 2015"]
[Source "ChessBase"]
[SourceDate "2014.11.20"]
[SourceVersion "1"]
[SourceVersionDate "2014.11.20"]
[SourceQuality "1"]
[WhiteTeam "Berlin Empor"]
[BlackTeam "Magdeburg Aufbau Elbe"]
[WhiteTeamCountry "GER"]
[BlackTeamCountry "GER"]

1. c4 e5 2. Nc3 Nf6 3. d3 Bc5 4. g3 Nc6 5. Bg2 d6 6. Nf3 Be6 7. 0-0 0-0 8. Bd2 d5 9. cxd5 Nxd5 10. Rc1 Nxc3 11. Bxc3 Bd6 12. Qc2 Qe7 13. a3 Rad8 14. b4 b5 15. Qb2 f6 16. Nd2 Qd7 17. Bxc6 Qxc6 18. Bxe5 Qd5 19. Bxd6 cxd6 20. Rfe1 Bh3 21. Qb3 Be6 22. Qxd5 Bxd5 23. Rc7 a6 24. Rec1 Be6 25. Re7 Bd5 26. Rcc7 Rf7 27. Rxf7 Bxf7 28. Rc6 Bh5 29. Kf1 Re8 30. Nf3 d5 31. Nd4 Ra8 32. Ne6 a5 33. Nf4 d4 34. Nxh5 axb4 35. axb4 Ra4 36. Rd6 Rxb4 37. Rd5 Rb1+ 38. Kg2 Rb4 39. Kf3 g6 40. Nxf6+ Kg7 41. Ne4 Rb1 42. Rxd4 b4 43. Ke3 b3 44. Rb4 b2 45. Nd2 Rh1 46. Rxb2 Rxh2 47. d4 Rh5 48. Rb6 Rd5 49. Ke4 Rd8 50. d5 Kf7 51. Re6 g5 52. Ke5 Kf8 53. d6 Kf7 54. Rf6+ Ke8 55. Ke6 Rd7 56. Ne4 h6 57. Rxh6 Rf7 58. Rh8+ Rf8 59. Nf6+ Kd8 60. Rxf8# 1-0